Feasibility studies on the use of precision porous pipes for subsurface irrigation (Record no. 15188)
[ view plain ]
| 000 -LEADER | |
|---|---|
| fixed length control field | 00705nam a22001817a 4500 |
| 003 - CONTROL NUMBER IDENTIFIER | |
| control field | OSt |
| 088 ## - REPORT NUMBER | |
| Report number | T 176 |
| 100 ## - MAIN ENTRY--AUTHOR NAME | |
| Personal name | EUGINE SPICER J |
| 245 ## - TITLE STATEMENT | |
| Title | Feasibility studies on the use of precision porous pipes for subsurface irrigation |
| 260 ## - PUBLICATION, DISTRIBUTION, ETC. (IMPRINT) | |
| Place of publication | Tavanur 2007 |
| Name of publisher | Department of Irrigation and Drainage Engineering |
| 300 ## - PHYSICAL DESCRIPTION | |
| Number of Pages | 92 |
| 500 ## - GENERAL NOTE | |
| General note | Feasibility studies on the use of precision porous pipes for subsurface irrigation |
| 520 ## - SUMMARY, ETC. | |
| Summary, etc | Feasibility studies on the use of precision porous pipes for subsurface irrigation |
| 700 ## - ADDED ENTRY--PERSONAL NAME | |
| Personal name | Er. Levan K. V (Guide) |
| 856 ## - ELECTRONIC LOCATION AND ACCESS | |
| Uniform Resource Identifier | https://drive.google.com/open?id=1Z37NI7EUiBD4QEnMTK44nbI7n_DDnCyv |
| 942 ## - ADDED ENTRY ELEMENTS (KOHA) | |
| Koha item type | Theses |
| Collection code | Home library | Current library | Shelving location | Full call number | Accession Number | Koha item type | Public note |
|---|---|---|---|---|---|---|---|
| Reference | KAUAET | KAUAET | Reference | 631.587 EUG/FE | T 176 | Theses | M.Tech Thesis |
